| 000 | 00345nam a2200133Ia 4500 | ||
|---|---|---|---|
| 008 | 150202s9999 xx 000 0 und d | ||
| 020 | _a747400598 | ||
| 050 |
_aFIC _bFIC |
||
| 100 | _aMurphy, James. | ||
| 245 |
_aJuniper / _cJames Murphy. |
||
| 260 |
_aNew York : _bSphere Books, _c1987. |
||
| 300 |
_a216 pages : _c18 cm. |
||
| 650 | _aFiction. | ||
| 999 |
_c282265 _d282265 |
||